书目信息 |
| 题名: |
中国小说史略
|
|
| 作者: | 鲁迅 著 | |
| 分册: | ||
| 出版信息: | 北京 团结出版社 2009 |
|
| 页数: | 263页 | |
| 开本: | 23cm | |
| 丛书名: | 民国珍本丛刊 | |
| 单 册: | ||
| 中图分类: | I210.91 | |
| 科图分类: | ||
| 主题词: | 鲁迅著作--小说史--中国 , 鲁迅著作 , 小说史 | |
| 电子资源: | ||
| ISBN: | 978-7-80130-964-8 | |
| 000 | 00893oam2 2200277 45 | |
| 001 | 1029476288 | |
| 005 | 20100428091716.32 | |
| 010 | @a978-7-80130-964-8@dCNY39.80 | |
| 100 | @a20100426e2009 ekmy0chiy0120 ea | |
| 101 | 0 | @achi |
| 102 | @aCN@b110000 | |
| 105 | @aa z 000yy | |
| 106 | @ar | |
| 200 | 1 | @a中国小说史略@AZhong Guo Xiao Shuo Shi Lue@e插图珍藏本@ECha Tu Zhen Cang Ben@f鲁迅著@FLu Xun Zhu |
| 210 | @a北京@c团结出版社@d2009 | |
| 215 | @a263页@c图@d23cm | |
| 225 | 2 | @a民国珍本丛刊 |
| 330 | @a本书是作者1920~1924年在北京大学讲授中国小说史课程的讲义,共28篇,始于神话与传说,迄于清末谴责小说,叙述中国古代小说演变的历程。 | |
| 461 | 0 | @12001 @a民国珍本丛刊 |
| 606 | 0 | @a鲁迅著作@x小说史@y中国 |
| 606 | 0 | @a鲁迅著作 |
| 606 | 0 | @a小说史 |
| 690 | @aI210.91@v4 | |
| 701 | 0 | @a鲁迅@ALu Xun@4著 |
| 801 | 0 | @aCN@bTANGWEI@c20100428 |
| 905 | @b0596068-72@dI210.91@e274@f5 | |
| 中国小说史略:插图珍藏本/鲁迅著.-北京:团结出版社,2009 |
| 263页:图;23cm.-(民国珍本丛刊) |
| ISBN 978-7-80130-964-8:CNY39.80 |
| 本书是作者1920~1924年在北京大学讲授中国小说史课程的讲义,共28篇,始于神话与传说,迄于清末谴责小说,叙述中国古代小说演变的历程。 |
| ● |
| 相关链接 |
|
|
|
|
正题名:中国小说史略
索取号:I210.91/274
 
预约/预借
| 序号 | 登录号 | 条形码 | 馆藏地/架位号 | 状态 | 备注 |
| 1 | 0596068 | 205960682 | 第一样本阅览室/ [索取号:I210.91/274] | 在馆 | |
| 2 | 0596069 | 205960691 | 第二借阅区/ [索取号:I210.91/274] | 在馆 | |
| 3 | 0596070 | 205960708 | 第二借阅区/ [索取号:I210.91/274] | 在馆 | |
| 4 | 0596071 | 205960717 | 第二借阅区/ [索取号:I210.91/274] | 在馆 | |
| 5 | 0596072 | 205960726 | 第二借阅区/ [索取号:I210.91/274] | 在馆 |